Statistics for Players with Multiple FIFA World Cup Appearances

Click here to take the quiz!

General Stats

  • This quiz has been taken 35 times
  • The average score is 15 of 37

Answer Stats

CountryWorld CupsAnswers% Correct
Portugal2006,2010,2014,2018Cristiano Ronaldo
96%
Argentina2006,2010,2014,2018Lionel Messi
96%
Italy2002,2006,2010,2014Gianluigi Buffon
89%
Spain2006,2010,2014,2018Andrés Iniesta
85%
Brazil1958,1962,1966,1970Pelé
81%
Spain2002,2006,2010,2014Xavi
81%
Italy1990,1994,1998,2002Paolo Maldini
78%
Argentina1982,1986,1990,1994Diego Maradona
74%
Spain2002,2006,2010,2014Iker Casillas
67%
Germany1982,1986,1990,1994,1998Lothar Matthäus
67%
Germany2002,2006,2010,2014Miroslav Klose
63%
Brazil1994,1998,2002,2006Cafu
59%
Cameroon1998,2002,2006,2010Samuel Eto'o
59%
Spain2006,2010,2014,2018Sergio Ramos
59%
France1998,2002,2006,2010Thierry Henry
59%
Mexico2002,2006,2010,2014,2018Rafael Márquez
52%
Italy1998,2002,2006,2010Fabio Cannavaro
48%
Australia2006,2010,2014,2018Tim Cahill
44%
Argentina2006,2010,2014,2018Javier Mascherano
41%
South Korea1990,1994,1998,2002Hong Myung-bo
30%
Cameroon1994,1998,2002,2010Rigobert Song
26%
Germany1958,1962,1966,1970Uwe Seeler
26%
Belgium1986,1990,1994,1998Enzo Scifo
19%
Saudi Arabia1994,1998,2002,2006Sami Al-Jaber
19%
United States2002,2006,2010,2014DaMarcus Beasley
15%
Italy1962,1966,1970,1974Gianni Rivera
15%
Mexico2006,2010,2014,2018Andrés Guardado
11%
Spain1986,1990,1994,1998Andoni Zubizarreta
7%
Belgium1986,1990,1994,1998Franky Van Der Elst
7%
Italy1982,1986,1990,1998Giuseppe Bergomi
7%
Paraguay1998,2002,2006,2010Denis Caniza
4%
Brazil1954,1958,1962,1966Djalma Santos
4%
Germany1958,1962,1966,1970Karl-Heinz Schnellinger
4%
Switzerland2006,2010,2014,2018Valon Behrami
4%
Mexico1950,1954,1958,1962,1966Antonio Carbajal
0%
Uruguay1962,1966,1970,1974Pedro Rocha
0%
Poland1974,1978,1982,1986Władysław Żmuda
0%

Score Distribution

Percentile by Number Answered

Percent of People with Each Score

Your Score History

You have not taken this quiz